<?xml version="1.0" encoding="UTF-8"?>
<marc:record xmlns:marc="http://www.loc.gov/MARC21/slim">
   <marc:leader>00000nam a2200000 a 4500</marc:leader>
   <marc:datafield ind1="1" ind2=" " tag="100">
      <marc:subfield code="a">Lobe, Mira</marc:subfield>
      <marc:subfield code="4">aut</marc:subfield>
      <marc:subfield code="e">Verfasser/-in</marc:subfield>
   </marc:datafield>
   <marc:datafield ind1=" " ind2=" " tag="653">
      <marc:subfield code="a">Vertragen</marc:subfield>
   </marc:datafield>
   <marc:datafield ind1=" " ind2=" " tag="653">
      <marc:subfield code="a">Streiten</marc:subfield>
   </marc:datafield>
   <marc:datafield ind1=" " ind2=" " tag="653">
      <marc:subfield code="a">Einander-Helfen</marc:subfield>
   </marc:datafield>
   <marc:datafield ind1="0" ind2="0" tag="245">
      <marc:subfield code="a">Große Freunde - Kleine Freunde</marc:subfield>
   </marc:datafield>
   <marc:datafield ind1="0" ind2="0" tag="245">
      <marc:subfield code="c">Mira Lobe</marc:subfield>
   </marc:datafield>
   <marc:datafield ind1=" " ind2="1" tag="264">
      <marc:subfield code="a">München</marc:subfield>
      <marc:subfield code="b">Verl. Jungbrunnen</marc:subfield>
      <marc:subfield code="c">1998</marc:subfield>
   </marc:datafield>
   <marc:datafield ind1="1" ind2=" " tag="520">
      <marc:subfield code="a">Geschichten, in denen es um Freundschaften, ihre Gefährdungen und Bewährungen, geht. (ab 8) (JE)       Über die 1995 verstorbene Doyenne der österreichischen Kinder- und Jugendliteratur, Mira Lobe, braucht wohl nicht mehr viel gesagt zu werden. Mit ihren Texten sind ganze Generationen großgeworden. Der Verlag Jungbrunnen hat eine thematische Auswahl vorgenommen und Texte zum Themenkomplex Freundschaft in einem Band herausgegeben. Manchen Texten kennt man an, daß sie schon älteren Datums sind, richtig unaktuell sind sie aber dennoch nie. Leicht zu lesen, in ihrer Botschaft gut zu verstehen und von der Sprache gepflegt aber nicht antiquiert: Kinder und erwachsene Mira-Lobe-Fans werden ihren Lesegenuß haben. Besonders für Schulbibliotheken und zur Bestanderweiterung zu empfehlen.   *bn* Martina Lainer</marc:subfield>
   </marc:datafield>
   <marc:datafield ind1=" " ind2=" " tag="020">
      <marc:subfield code="a">9783702657055</marc:subfield>
      <marc:subfield code="9">9783702657055</marc:subfield>
   </marc:datafield>
   <marc:datafield ind1=" " ind2=" " tag="041">
      <marc:subfield code="a">ger</marc:subfield>
   </marc:datafield>
   <marc:datafield ind1=" " ind2=" " tag="300">
      <marc:subfield code="a">112 S.</marc:subfield>
   </marc:datafield>
</marc:record>
